Social reformers of modern India (reference book) : (Record no. 42062)

MARC details
000 -LEADER
fixed length control field 00714nam a22001937a 4500
005 - DATE AND TIME OF LATEST TRANSACTION
control field 2010081600490.0
010 ## - LCCN (DPL NO)
LC control number ENG-100549
020 ## - INTERNATIONAL STANDARD BOOK NUMBER
International Standard Book Number 8177354353
Terms of availability 45.00
035 ## - SYSTEM CONTROL NUMBER
System control number EN-84082
037 ## - SOURCE OF ACQUISITION
Source of stock number/acquisition DBAD/PUB
082 ## - DEWEY DECIMAL CLASSIFICATION NUMBER
Classification number 921
100 ## - MAIN ENTRY--PERSONAL NAME
Personal name Padmavathy, D.
245 ## - TITLE STATEMENT
Title Social reformers of modern India (reference book) :
Remainder of title syllabus for P.G. CBCS under the bharathidasan university /
Statement of responsibility, etc by D. Padmavathy
260 ## - PUBLICATION, DISTRIBUTION, ETC. (IMPRINT)
Place of publication, distribution, etc Chennai
Name of publisher, distributor, etc Pavai Publications
Date of publication, distribution, etc 2007
270 ## - ADDRESS
Address 142, Jai Jan Khan Road, Royapettah
City Channai
Postal code 600014
300 ## - PHYSICAL DESCRIPTION
Extent 96p.
Dimensions 20cm (pbk)
942 ## - ADDED ENTRY ELEMENTS (KOHA)
Source of classification or shelving scheme Dewey Decimal Classification
Item type English Books
Classification part 921
Call number suffix PAD
Holdings
Withdrawn status Lost status Not for loan Collection code Home library Current library Date acquired Source of acquisition Cost, normal purchase price Full call number Barcode Copy number Cost, replacement price Koha item type
    Not For Loan Non-fiction D.B.Act.Division D.B.Act.Division 16/08/2010 DBAD/PUB 45.00 921 PAD EN-84082 1 45.00 English Books

© Delhi Public Library
Hit Counter
free hit counter